Statistiken für Länder der Welt - Eine Minute Sprint

Klicken Sie hier um das Quiz zu spielen!

Allgemein

  • Dieses Quiz wurde 1.292 mal gespielt
  • Das Durchschnittsergebnis liegt bei 28 aus 196

Antworten auf der Karte

Die Antworten werden auf der Karte rot bzw. grün angezeigt, abhängig davon wie oft sie richtig erraten wurden.
 

Antwortstatistiken

Country% Korrekt
Vereinigte Staaten
90%
Kanada
81%
Russland
77%
China
73%
Deutschland
66%
Mexiko
66%
Spanien
59%
Brasilien
58%
Schweden
53%
Australien
51%
Frankreich
50%
Island
50%
Irland
46%
Norwegen
46%
Chile
45%
Indien
45%
Portugal
44%
Finnland
42%
Italien
41%
Japan
38%
Dänemark
36%
Peru
35%
Polen
33%
Schweiz
33%
Iran
30%
Argentinien
29%
Irak
29%
Vereinigte Arabische
Emirate
28%
Belgien
25%
Demokratische
Republik Kongo
25%
Estland
24%
Kongo
24%
Lettland
23%
Mali
21%
Niger
21%
Oman
21%
Togo
21%
Ukraine
21%
Litauen
20%
Mongolei
20%
Neuseeland
20%
Niederlande
20%
Jemen
19%
Kuba
19%
Österreich
19%
Bolivien
18%
Nigeria
18%
Sudan
18%
Algerien
17%
Vereinigtes Königreich
17%
Malta
16%
Panama
16%
Südafrika
16%
Türkei
16%
Andorra
15%
Benin
15%
Haiti
15%
Monaco
15%
Tschad
15%
Vatikanstadt
15%
Nauru
14%
Uruguay
14%
Kolumbien
13%
Laos
13%
Marokko
13%
Paraguay
13%
Tonga
13%
Ägypten
12%
Ghana
12%
Kasachstan
12%
Nordkorea
12%
Palau
12%
Südkorea
12%
Angola
11%
Indonesien
11%
Libyen
11%
Nepal
11%
Samoa
11%
Venezuela
11%
Belize
10%
Bhutan
10%
Ecuador
10%
Israel
10%
Jamaika
10%
Katar
10%
Kenia
10%
Luxemburg
10%
San Marino
10%
Saudi-Arabien
10%
Tuvalu
10%
Fidschi
9%
Gambia
9%
Kuwait
9%
Liechtenstein
9%
Serbien
9%
Somalia
9%
Sri Lanka
9%
Südsudan
9%
Syrien
9%
Taiwan
9%
Thailand
9%
Ungarn
9%
Vietnam
9%
Weißrussland
9%
Albanien
8%
Bahrain
8%
Costa Rica
8%
Guatemala
8%
Guinea
8%
Honduras
8%
Lesotho
8%
Sambia
8%
Tschechien
8%
Tunesien
8%
Zypern
8%
Bahamas
7%
Brunei
7%
Bulgarien
7%
Gabun
7%
Griechenland
7%
Guyana
7%
Kosovo
7%
Madagaskar
7%
Malawi
7%
Namibia
7%
Rumänien
7%
Suriname
7%
Bosnien und
Herzegowina
6%
Burundi
6%
Dominica
6%
Dominikanische
Republik
6%
Kiribati
6%
Kroatien
6%
Pakistan
6%
Papua-Neuguinea
6%
Senegal
6%
Uganda
6%
Vanuatu
6%
Zentralafrikanische
Republik
6%
El Salvador
5%
Nicaragua
5%
Ruanda
5%
Slowakei
5%
Slowenien
5%
St Kitts und Nevis
5%
St Lucia
5%
Antigua und Barbuda
4%
Äthiopien
4%
Grenada
4%
Kamerun
4%
Malaysia
4%
Mauretanien
4%
Moldawien
4%
Myanmar
4%
Salomonen
4%
St Vincent und
die Grenadinen
4%
Swasiland
4%
Tansania
4%
Afghanistan
3%
Armenien
3%
Barbados
3%
Botswana
3%
Dschibuti
3%
Eritrea
3%
Jordanien
3%
Kambodscha
3%
Komoren
3%
Libanon
3%
Montenegro
3%
São Tomé und
Príncipe
3%
Simbabwe
3%
Singapur
3%
Bangladesch
2%
Georgien
2%
Guinea-Bissau
2%
Liberia
2%
Mauritius
2%
Mikronesien
2%
Mosambik
2%
Seychellen
2%
Timor-Leste
2%
Trinidad und Tobago
2%
Usbekistan
2%
Aserbaidschan
1%
Burkina Faso
1%
Côte d'Ivoire
1%
Malediven
1%
Marshallinseln
1%
Mazedonien
1%
Philippinen
1%
Turkmenistan
1%
Äquatorial-Guinea
0%
Cabo Verde
0%
Kirgisistan
0%
Sierra Leone
0%
Tadschikistan
0%

Verteilung der Resultate

Perzentil nach korrekt beantworteten Fragen

Anzahl Personen mit jedem Resultat

Ihre Resultats-Entwicklung

Sie haben dieses Quiz noch nicht gespielt